000
00298nam a22001337a 4500
008
171004b xxu||||| |||| 00| 0 eng d
020
_a
9780314027689
041
_a
eng
080
_2
3 ED
_a
159.9
100
_a
48
101
_a
PSI
245
_a
ESSENTIALS PSYCHOLOGY
_c
COON.D
942
_2
udc
_c
BK
999
_c
31678
_d
31678